{"text_format":"1","workbook":"xlsx","n_sheets":1,"sheets":["台帳"],"not_rendered":{"charts":0,"images":0,"macros":1,"external_links":0,"defined_names":3,"comments":0,"pivot_tables":0},"unopened":[],"bounds":{"document_bytes":16777216,"sheet_cells":100000,"rows_first":2000,"rows_last":500,"rows_between":2000,"halvings":0,"cell_chars":16384,"cell_head_chars":4096},"cells_cut":0,"cells_raw":0,"read":"whole","date_system":"1900"}

{"sheet":"台帳","index":0,"n_rows":25,"n_cols":58,"rows_kept":25,"cut":false,"hidden":false,"merged":[]}
["年度",2024]
["資産番号","枝番","所在地","主管課コード","主管課","財務書類上科目","予算執行科目","勘定科目コード","勘定科目","施設名称","資産名称","リース区分","構造区分","耐用年数","償却率","取得年度","取得年月日","供用開始年度","供用開始日","償却区分","稼働年数","所有割合","会計コード","会計名称","用途区分","事業分類","開始時見積資産","資産属性","売却可能資産","時価","完全除却記号","数量","単位","階数","登記地目","現況地目","目的別資産区分","財産区分","公有財産番号","取得価額","再調達価額","減価償却基礎額","期首減価償却\n累計額","期末減価償却\n累計額","評価増減累計","除売却累計","その他の増減累計","期首簿価","当期異動日","当期取得額","当期減価償却額","当期評価増減","当期除売却","その他増減額","期末簿価","更新年度","更新必要額","備考"]
[8,1,"広島市中区東白島町19番49号",10101,"総務課","物品","-","007","物品","-","ICカードリーダー","-","-",5,0.2,2016,20170324,2016,20170324,"定額法",8,100,1,"一般会計","-","-","-","-","-","-","-",1,"式","-","-","-","福祉","行政財産","000000000170",561600,null,112320,561599,561599,null,null,null,1,"",0,0,null,null,null,1,2023,561600]
[10,1,"広島市中区東白島町19番49号",10201,"業務課","無形固定資産：ソフトウェア","-","023","ソフトウェア","-","広島県後期高齢者医療広域連合電算処理システム_返還機能(高額療養費)","-","-",5,0.2,2019,20200331,2019,20200331,"定額法(全額)",5,100,2,"後期高齢者医療特別会計","-","-","-","-","-","-","-",1,"式","-","-","-","福祉","行政財産","106001000000",8800000,null,1760000,7040000,8800000,null,null,null,1760000,"",0,1760000,null,null,null,0,2024,8800000]
[11,1,"広島市中区東白島町19番49号",10201,"業務課","無形固定資産：ソフトウェア","-","023","ソフトウェア","-","広島県後期高齢者医療広域連合電算処理システム_返還機能(年間外来合算・介護合算)","-","-",5,0.2,2019,20200331,2019,20200331,"定額法(全額)",5,100,2,"後期高齢者医療特別会計","-","-","-","-","-","-","-",1,"式","-","-","-","福祉","行政財産","109001000000",5280000,null,1056000,4224000,5280000,null,null,null,1056000,"",0,1056000,null,null,null,0,2024,5280000]
[12,1,"広島市中区東白島町19番49号",10201,"業務課","無形固定資産：ソフトウェア","-","023","ソフトウェア","-","広島県後期高齢者医療広域連合電算処理システム_通知金額集計","-","-",5,0.2,2019,20200331,2019,20200331,"定額法(全額)",5,100,2,"後期高齢者医療特別会計","-","-","-","-","-","-","-",1,"式","-","-","-","福祉","行政財産","127001000000",3817000,null,763400,3053600,3817000,null,null,null,763400,"",0,763400,null,null,null,0,2024,3817000]
[13,1,"広島市中区東白島町19番49号",10201,"業務課","無形固定資産：ソフトウェア","-","023","ソフトウェア","-","広島県後期高齢者医療広域連合電算処理システム_外付けツール","-","-",5,0.2,2020,20210315,2020,20210315,"定額法(全額)",4,100,2,"後期高齢者医療特別会計","-","-","-","-","-","-","-",1,"式","-","-","-","総務","行政財産",29001000000,10175000,null,2035000,6105000,8140000,null,null,null,4070000,"",0,2035000,null,null,null,2035000,2025,10175000]
[14,1,"広島市中区東白島町19番49号",10201,"業務課","無形固定資産：ソフトウェア","-","023","ソフトウェア","-","広島県後期高齢者医療広域連合電算処理システム_事業月報自動化入力機能","-","-",5,0.2,2020,20200930,2020,20200930,"定額法(全額)",4,100,2,"後期高齢者医療特別会計","-","-","-","-","-","-","-",1,"式","-","-","-","総務","行政財産",55001000000,2310000,null,462000,1386000,1848000,null,null,null,924000,"",0,462000,null,null,null,462000,2025,2310000]
[15,1,"広島市中区東白島町19番49号",10201,"業務課","無形固定資産：ソフトウェア","-","023","ソフトウェア","-","広島県後期高齢者医療広域連合電算処理システム_減額証・限度証適用区分変更者一覧作成ツール","-","-",5,0.2,2020,20200930,2020,20200930,"定額法(全額)",4,100,2,"後期高齢者医療特別会計","-","-","-","-","-","-","-",1,"式","-","-","-","総務","行政財産",60001000000,863500,null,172700,518100,690800,null,null,null,345400,"",0,172700,null,null,null,172700,2025,863500]
[16,1,"広島市中区東白島町19番49号",10201,"業務課","無形固定資産：ソフトウェア","-","023","ソフトウェア","-","広島県後期高齢者医療広域連合電算処理システム_地方単独公費返還金月報出力ツール","-","-",5,0.2,2020,20200930,2020,20200930,"定額法(全額)",4,100,2,"後期高齢者医療特別会計","-","-","-","-","-","-","-",1,"式","-","-","-","総務","行政財産",61001000000,2178000,null,435600,1306800,1742400,null,null,null,871200,"",0,435600,null,null,null,435600,2025,2178000]
[17,1,"広島市中区東白島町19番49号",10101,"総務課","物品","-","007","物品","-","広島県後期高齢者医療広域連合財務会計システム_システム用サーバー","-","-",5,0.2,2021,20220328,2021,20220328,"定額法",3,100,1,"一般会計","-","-","-","-","-","-","-",1,"式","-","-","-","総務","行政財産","111001000000",3795000,null,759000,1518000,2277000,null,null,null,2277000,"",0,759000,null,null,null,1518000,2026,3795000]
[18,1,"広島市中区東白島町19番49号",10201,"業務課","無形固定資産：ソフトウェア","-","023","ソフトウェア","-","広島県後期高齢者医療広域連合電算処理システム_外付けツール","-","-",5,0.2,2021,20220325,2021,20220325,"定額法(全額)",3,100,2,"後期高齢者医療特別会計","-","-","-","-","-","-","-",1,"式","-","-","-","総務","行政財産","26001000000,209001000000",11077000,null,2215400,4430800,6646200,null,null,null,6646200,"",0,2215400,null,null,null,4430800,2026,11077000]
[19,1,"広島市中区東白島町19番49号",10201,"業務課","物品","-","007","物品","-","広島県後期高齢者医療広域連合標準端末利用改善対応業務_プリンタ","-","-",5,0.2,2021,20211111,2021,20211111,"定額法",3,100,2,"後期高齢者医療特別会計","-","-","-","-","-","-","-",1,"式","-","-","-","総務","行政財産","125001000000",1291950,null,258390,516780,775170,null,null,null,775170,"",0,258390,null,null,null,516780,2026,1291950]
[20,1,"広島市中区東白島町19番49号",10201,"業務課","無形固定資産：ソフトウェア","-","023","ソフトウェア","-","広島県後期高齢者医療広域連合電算処理システム_返納金システム","-","-",5,0.2,2021,20220325,2021,20220325,"定額法(全額)",3,100,2,"後期高齢者医療特別会計","-","-","-","-","-","-","-",1,"式","-","-","-","総務","行政財産","210001000000",4488000,null,897600,1795200,2692800,null,null,null,2692800,"",0,897600,null,null,null,1795200,2026,4488000]
[21,1,"広島市中区東白島町19番49号",10201,"業務課","物品","-","007","物品","-","広島県後期高齢者医療広域連合電算処理システム_WinActor実行版追加","-","-",5,0.2,2022,20230328,2022,20230328,"定額法",2,100,2,"後期高齢者医療特別会計","-","-","-","-","-","-","-",1,"式","-","-","-","総務","行政財産",84001000000,1423400,null,284680,284680,569360,null,null,null,1138720,"",0,284680,null,null,null,854040,2027,1423400]
[22,1,"広島市中区東白島町19番49号",10201,"業務課","無形固定資産：ソフトウェア","-","023","ソフトウェア","-","広島県後期高齢者医療広域連合電算処理システム_外付けツール","-","-",5,0.2,2022,20230328,2022,20230328,"定額法(全額)",2,100,2,"後期高齢者医療特別会計","-","-","-","-","-","-","-",1,"式","-","-","-","総務","行政財産","181001000000",6642900,null,1328580,1328580,2657160,null,null,null,5314320,"",0,1328580,null,null,null,3985740,2027,6642900]
[23,1,"広島市中区東白島町19番49号",10201,"業務課","無形固定資産：ソフトウェア","-","023","ソフトウェア","-","広島県後期高齢者医療広域連合電算処理システム_療養費作業改善対応","-","-",5,0.2,2022,20230328,2022,20230328,"定額法(全額)",2,100,2,"後期高齢者医療特別会計","-","-","-","-","-","-","-",1,"式","-","-","-","総務","行政財産","227001000000",1683000,null,336600,336600,673200,null,null,null,1346400,"",0,336600,null,null,null,1009800,2027,1683000]
[25,1,"広島市中区東白島町19番49号",10201,"業務課","無形固定資産：ソフトウェア","-","023","ソフトウェア","-","広島県後期高齢者医療広域連合電算処理システム_地方単独事業返還金月報出力ツール","-","-",5,0.2,2023,20230928,2023,20230928,"定額法(全額)",1,100,2,"後期高齢者医療特別会計","-","-","-","-","-","-","-",1,"式","-","-","-","総務","行政財産","-",858000,null,171600,0,171600,null,null,null,858000,"",0,171600,null,null,null,686400,2028,858000]
[26,1,"広島市中区東白島町19番49号",10201,"業務課","無形固定資産：ソフトウェア","-","023","ソフトウェア","-","広島県後期高齢者医療広域連合電算処理システム_外付けツール","-","-",5,0.2,2023,20231004,2023,20231004,"定額法(全額)",1,100,2,"後期高齢者医療特別会計","-","-","-","-","-","-","-",1,"式","-","-","-","総務","行政財産","-",2156000,null,431200,0,431200,null,null,null,2156000,"",0,431200,null,null,null,1724800,2028,2156000]
[27,1,"広島市中区東白島町19番49号",10201,"業務課","無形固定資産：ソフトウェア","-","023","ソフトウェア","-","広島県後期高齢者医療広域連合電算処理システム","-","-",5,0.2,2024,20250327,2024,20250327,"定額法(全額)",0,100,2,"後期高齢者医療特別会計","-","-","-","-","-","-","-",1,"式","-","-","-","総務","行政財産","-",315700000,null,63140000,0,0,null,null,null,0,20250327,315700000,0,null,null,null,315700000,2029,315700000]
[28,1,"広島市中区東白島町19番49号",10201,"業務課","無形固定資産：ソフトウェア","-","023","ソフトウェア","-","広島県後期高齢者医療広域連合電算処理システム","-","-",5,0.2,2024,20240710,2024,20240710,"定額法(全額)",0,100,2,"後期高齢者医療特別会計","-","-","-","-","-","-","-",1,"式","-","-","-","総務","行政財産","-",550000,null,110000,0,0,null,null,null,0,20240710,550000,0,null,null,null,550000,2029,550000]
[29,1,"広島市中区東白島町19番49号",10201,"業務課","無形固定資産：ソフトウェア","-","023","ソフトウェア","-","広島県後期高齢者医療広域連合電算処理システム_外付けツール","-","-",5,0.2,2024,20250228,2024,20250228,"定額法(全額)",0,100,2,"後期高齢者医療特別会計","-","-","-","-","-","-","-",1,"式","-","-","-","総務","行政財産","-",3861000,null,772200,0,0,null,null,null,0,20250228,3861000,0,null,null,null,3861000,2029,3861000]
[30,1,"広島市中区東白島町19番49号",10201,"業務課","無形固定資産：ソフトウェア","-","023","ソフトウェア","-","広島県後期高齢者医療広域連合電算処理システム_COBOL製品","-","-",5,0.2,2024,20240930,2024,20240930,"定額法(全額)",0,100,2,"後期高齢者医療特別会計","-","-","-","-","-","-","-",1,"式","-","-","-","総務","行政財産","-",7534375,null,1506875,0,0,null,null,null,0,20240930,7534375,0,null,null,null,7534375,2029,7534375]
[]
["END","END","END","END","END","END","END","END","END","END","END","END","END","END","END","END","END","END","END","END","END","END","END","END","END","END","END","END","END","END","END","END","END","END","END","END","END","END","END","END","END","END","END",null,"END","END","END","END","END","END","END","END","END","END","END","END","END","END"]